Central Library OPAC University of Rajshahi

Ethics [of] Spinoza / (Record no. 30594)

MARC details
000 -LEADER
fixed length control field 00811cam a2200265I 4500
001 - CONTROL NUMBER
control field 30594
003 - CONTROL NUMBER IDENTIFIER
rucl marc code BD-RjUL
005 - DATE AND TIME OF LATEST TRANSACTION
control field 20211209051604.0
008 - FIXED-LENGTH DATA ELEMENTS--GENERAL INFORMATION
fixed length control field 140410s19501910enka 001 0 eng d
035 ## - SYSTEM CONTROL NUMBER
System control number (OCoLC)ocm26937393
System control number (BD-RjUL)30680
System control number (NNC)4611577
040 ## - CATALOGING SOURCE
Original cataloging agency CRU
Transcribing agency CRU
Modifying agency OCL
Language of cataloging eng
041 ## - LANGUAGE CODE
Language code of text/sound track or separate title eng
082 ## - DEWEY DECIMAL CLASSIFICATION NUMBER
Classification number 170
Author mark and year SPE 1950
098 ## - OTHER CLASSIFICATION SCHEMES (OCLC)
Call number based on other classification scheme QK5
100 1# - MAIN ENTRY--PERSONAL NAME
Personal name Spinoza, Benedictus de,
Dates associated with a name 1632-1677.
9 (RLIN) 92949
245 10 - TITLE STATEMENT
Title Ethics [of] Spinoza /
Statement of responsibility, etc. Benedictus de Spinoza
260 ## - PUBLICATION, DISTRIBUTION, ETC. (IMPRINT)
Place of publication, distribution, etc. London :
Name of publisher, distributor, etc. J.M. Dent & sons, ltd.,
Place of publication, distribution, etc. New York :
Name of publisher, distributor, etc. E.P. Dutton & co., inc.,
Date of publication, distribution, etc. c1910[reprinting 1950]
300 ## - PHYSICAL DESCRIPTION
Pagination xiviii p., 1 l., 267 p. :
Illustrations ill. ;
Size 17 cm.
500 ## - GENERAL NOTE
General note "A list of the works of Spinoza": p. xxiii.
504 ## - BIBLIOGRAPHY, ETC. NOTE
Bibliography, etc includes index
650 #0 - SUBJECT ADDED ENTRY--TOPICAL TERM
Topical term or geographic name as entry element Ethics.
9 (RLIN) 92950
942 ## - ADDED ENTRY ELEMENTS (KOHA)
Source of classification or shelving scheme Dewey Decimal Classification
Koha item type Books
Holdings
Lost status Source of classification or shelving scheme Damaged status Not for loan Collection code Permanent Location Current Location Shelving location Date acquired Source of acquisition Cost, normal purchase price Total Checkouts Full call number Date last seen Copy number Koha item type
  Dewey Decimal Classification   Not For Loan Non-fiction Central Library, University of Rajshahi Central Library, University of Rajshahi Reading Room 27/09/1955 B. H. Bluckwell 55.00   170 SPE 1950 10/04/2014 C-1 Books
  Dewey Decimal Classification     Non-fiction Central Library, University of Rajshahi Central Library, University of Rajshahi General Stacks 17/01/1963 A.H Quraishi     170 SPE 1950 22/09/2022 C-2 Books